| 000 | 00847nam a2200229 i 4500 | ||
|---|---|---|---|
| 001 | 110284 | ||
| 003 | ES-MaACL | ||
| 005 | 20230906185022.0 | ||
| 007 | t| | ||
| 008 | 061121s1950 sp r ||||1| spa d | ||
| 100 | 1 |
_aMolho, Michael. _981872 |
|
| 245 | 1 | 0 |
_aUsos y costumbres de los sefardíes de Salónica / _cpor Michael Molho; traducido del francés por F. Pérez Castro. |
| 260 |
_aMadrid [etc.] : _bConsejo Superior de Investigaciones Científicas. Instituto Arias Montano, _c1950. |
||
| 300 |
_a341 p., 15 lám. ; _c18 cm. |
||
| 490 | 1 |
_aBiblioteca hebraicoespañola ; _v3 |
|
| 650 | 0 | 4 |
_aSefardíes- _zSalónica. _917016 |
| 700 | 1 |
_aPérez Castro, F. _990722 |
|
| 710 | 2 |
_aInstituto "Arias Montano" _94797 |
|
| 830 | 0 |
_aBiblioteca hebraicoespañola ; _v3 _9184848 |
|
| 852 |
_aES-MaACL _jD-4310 _bR.29783 |
||
| 999 |
_c110284 _d110284 |
||